Prontuario de ortografía de la lengua española en preguntas y respuestas
Guardado en:
| Autor principal: | |
|---|---|
| Formato: | Desconocido |
| Lenguaje: | español |
| Publicado: |
Madrid, Barcelona, España
Espasa-Calpe, S A
1931
|
| Edición: | 31ª |
| Catálogo: | MANES: Resultados de Búsqueda del Catálogo |
| Clasificación de libros de texto: |
|
| Materias: | |
| Etiquetas: |
Agregar Etiqueta
Sin Etiquetas, Sea el primero en etiquetar este registro!
|
| Añadido a: | 2016-04-26 |
MARC
| LEADER | 000000000a22000000004500 | ||
|---|---|---|---|
| 001 | 13642 | ||
| 008 | 160427s sp ||||| |||| 00| 0 spa d | ||
| 040 | |a manes |c manes | ||
| 100 | 1 | |a Real Academia Española |b Autor institucional | |
| 245 | 0 | 0 | |a Prontuario de ortografía de la lengua española en preguntas y respuestas |
| 250 | |a 31ª | ||
| 260 | |a Madrid, Barcelona, España |b Espasa-Calpe, S A |c 1931 | ||
| 300 | |a 76 p. |c 18 x 12 cm | ||
| 500 | |a Al final del libro hay un catálogo con todas las obras publicadas por la Academia Española, así como su precio de venta y la dirección dónde podían adquirirse. | ||
| 546 | |a España | ||
| 650 | 7 | |a Escritura y Lectura |a Lenguaje | |
| 655 | 7 | |a Primaria | |
| 942 | |2 ddc |c BK | ||
| 999 | |c 48639 |d 48639 | ||
| 999 | |c manes:48639 |d 48639 | ||